Crystal winter /

Bibliographic Details
Uniform Title:Crystal winter (Origa)
Other Authors: Origa, 1970-2015 (Singer)
Format: CD Audio
Language:Japanese
Language Notes:Sung in Japanese. Lyrics in Russian and Japanese in container insert.
Published: Japan : Aquar, [1994]
Subjects:

MARC

Tag First Indicator Second Indicator Subfields
LEADER 00000cjm a2200000Ki 4500
001 in00003525762
005 20170928132431.0
007 sd fsngnnmmned
008 150409t19941994ja nn d n jpn d
028 0 2 |a TOCP-50739  |b Toshiba-Emi 
035 |a (OCoLC)ocn914355000 
035 |a (OCoLC)914355000 
040 |a TXA  |b eng  |e rda  |c TXA  |d OCLCF  |d UtOrBLW 
043 |a a-ja--- 
049 |a TXAM 
090 |a M1813.18.O75  |b C79 1994 
130 0 |a Crystal winter (Origa) 
245 1 0 |a Crystal winter /  |c Origa. 
264 1 |a Japan :  |b Aquar,  |c [1994] 
264 4 |c ℗1994 
300 |a 1 audio disc :  |b digital, CD audio, stereo ;  |c 4 3/4 in. 
336 |a performed music  |b prm  |2 rdacontent 
337 |a audio  |b s  |2 rdamedia 
338 |a audio disc  |b sd  |2 rdacarrier 
344 |a digital  |g stereo  |2 rda 
347 |a audio file  |b CD audio  |2 rda 
500 |a Title from disc label. 
546 |a Sung in Japanese. Lyrics in Russian and Japanese in container insert. 
511 0 |a Origa ; with additional musicians. 
508 |a Produced by Nobuhiko Takahashi ; arranged and co-produced by Tomoki Hasegawa ; vocals arranged by Origa. 
518 |a Recorded at Greenbird Suginami Studio and Music Inn Yoyogi Studio. 
505 0 |a Beryooza (1:01) -- We can hear your pulse (4:29) -- Babt alone in babylong (4:18) -- Wasurenaide (3:39) -- There must be an angel (5:25). 
650 0 |a New Age music  |z Japan. 
650 0 |a Popular music  |z Japan.  |0 http://id.loc.gov/authorities/subjects/sh86004073 
650 7 |a New Age music.  |2 fast  |0 (OCoLC)fst01036703 
650 7 |a Popular music.  |2 fast  |0 (OCoLC)fst01071422 
651 7 |a Japan.  |2 fast  |0 (OCoLC)fst01204082 
700 0 |a Origa,  |d 1970-2015,  |e singer.  |0 http://id.loc.gov/authorities/names/no2016167360 
948 |a cataloged  |b h  |c 2015/7/24  |d o  |e jolivare  |f 11:47:56 am  |a original cataloging musical sound recording 
994 |a C0  |b TXA 
999 f f |s 421a9e29-2f70-3b53-962e-36ee583f1dd4  |i 5c5e2c5b-d9b3-3d85-9437-55812deab042  |t 0 
952 f f |p ric  |a Texas A&M University  |b Rellis Campus  |c Joint Library Facility  |d Remote Storage  |t 0  |e M1813.18.O75 C79 1994  |h Library of Congress classification  |i audio -- audio disc  |m A14843103277 
998 f f |a M1813.18.O75 C79 1994  |t 0  |l Remote Storage